Lee The last years
Guardat en:
| Autor principal: | |
|---|---|
| Format: | Llibre |
| Idioma: | anglès |
| Publicat: |
Houghton Mifflin
1981.
|
| Etiquetes: |
Afegir etiqueta
Sense etiquetes, Sigues el primer a etiquetar aquest registre!
|
MARC
| LEADER | 00000nam a22000007a 4500 | ||
|---|---|---|---|
| 008 | 201218b ||||| |||| 00| 0 eng d | ||
| 020 | |a : 0-395-34637-1 | ||
| 100 | |a FLOOD, Charles Bracelen | ||
| 245 | |a Lee |b The last years |c Charles Bracelen Flood | ||
| 260 | |b Houghton Mifflin |c 1981. |d Books |h Boston |i 681614 |l E467.1 .L4F66 |m Lee, Robert E. (Robert Edward) – 1809-1870 |m Generals – Confederate States of America – Biography |m Confederate States of America. Army – Biography. | ||
| 942 | |a lcc |c BK |e Adekanye I. H. |f 18/12/2020 | ||
| 999 | |c 483 |d 483 | ||